Etiqueta empresarial y búsqueda de empleo (Registro nro. 1300)

Detalles MARC
000 -CABECERA
campo de control de longitud fija 00707aam a2200265 4500
005 - FECHA Y HORA DE ACTUALIZACIÓN
campo de control 20161005114205.0
008 - LONGITUD FIJA
campo de control de longitud fija 150611b xxu||||| |||| 00| 0 spa d
041 ## - IDIOMA
Código de idioma del texto/pista de sonido o título separado
082 ## - CLASIFICACIÓN DECIMAL DEWEY
Número de clasificación 395 E84e
245 ## - TÍTULO PROPIAMENTE DICHO
Título Etiqueta empresarial y búsqueda de empleo
260 ## - PIE DE IMPRENTA
Lugar de publicación, distribución, etc. España
260 ## - PIE DE IMPRENTA
Nombre del editor, distribuidor, etc. Ediciones Nobel
260 ## - PIE DE IMPRENTA
Fecha de publicación, distribución, etc. 2001
300 ## - DESCRIPCIÓN FÍSICA
Extensión 221 páginas
650 ## - Materia General
Materia general ETIQUETA
650 ## - Materia General
Materia general ETIQUETA EMPRESARIAL
650 ## - Materia General
Materia general CURRICULUM VITAE
650 ## - Materia General
Materia general ENTREVISTA DE EMPLEO
650 ## - Materia General
Materia general CORRESPONDENCIA
650 ## - Materia General
Materia general REUNIONES
650 ## - Materia General
Materia general VIAJES
650 ## - Materia General
Materia general ALMUERZOS DE TRABAJO
650 ## - Materia General
Materia general COMUNICACIÓN
942 ## - Punto de Acceso Adicional Koha
Tipo de ítem Koha Libro
Existencias
Estado perdido Estado dañado No para préstamo Biblioteca permanente Biblioteca actual Signatura completa Código de barras Precio efectivo a partir del Tipo de ítem
      Departamento de Biblioteca y Documentación Alfonso Chase Brenes Departamento de Biblioteca y Documentación Alfonso Chase Brenes 395 E84e 10306 05/10/2016 Libro